A "materiális" és "filozófiai" esztétikáról
Elmentve itt :
| Szerző: | |
|---|---|
| Dokumentumtípus: | Könyv része |
| Megjelent: |
JATE Bölcsészettudományi Kar
Szeged
1978
|
| Sorozat: | Szegedi bölcsészműhely
Szegedi Bölcsészműhely '77 : kutatási módszerek és irányzatok a társadalomtudományokban |
| Kulcsszavak: | Filozófia |
| Tárgyszavak: | |
| Online Access: | http://acta.bibl.u-szeged.hu/75768 |
| LEADER | 00832naa a2200205 i 4500 | ||
|---|---|---|---|
| 001 | acta75768 | ||
| 005 | 20220516143921.0 | ||
| 008 | 220516s1978 hu o 0|| hun d | ||
| 040 | |a SZTE Egyetemi Kiadványok Repozitórium |b hun | ||
| 041 | |a hun | ||
| 100 | 1 | |a Kanyó Zoltán | |
| 245 | 1 | 2 | |a A "materiális" és "filozófiai" esztétikáról |h [elektronikus dokumentum] / |c Kanyó Zoltán |
| 260 | |a JATE Bölcsészettudományi Kar |b Szeged |c 1978 | ||
| 300 | |a 183-198 | ||
| 490 | 0 | |a Szegedi bölcsészműhely | |
| 490 | 0 | |a Szegedi Bölcsészműhely '77 : kutatási módszerek és irányzatok a társadalomtudományokban | |
| 650 | 4 | |a Bölcsészettudományok | |
| 650 | 4 | |a Filozófia, etika és vallástudományok | |
| 695 | |a Filozófia | ||
| 856 | 4 | 0 | |u http://acta.bibl.u-szeged.hu/75768/1/szegedi_bolcseszmuhely_77_183-198.pdf |z Dokumentum-elérés |